Presentazione di Bandiere - Statistics

Statistiche generali
  • Questo quiz è stato fatto 4.930 volte
  • Il punteggio medio è 8 su 12
Statistiche sulle risposte
Risposta % Corretto
India
100%
Andorra
80%
Honduras
74%
Laos
73%
Lesotho
65%
Kiribati
63%
Tagikistan
63%
Eritrea
60%
Repubblica Centrafricana
60%
Saint Vincent e Grenadine
52%
Ruanda
51%
Guinea Equatoriale
50%
Nessun quiz corrispondente trovato
Distribuzione punteggi
Percentuale di utenti per punteggio
Percentile per numero di risposta
I tuoi punteggi nel tempo
Non hai fatto questo quiz